000 01096aam a2200313 i 4500
999 _c45132
_d45132
001 18721
003 CO-MdBIC
005 20190607120953.0
008 190529t1995 -usd|||| |||| 00| 0 eng d
020 _a0815627254
040 _aCO-MdFUSB
_bspa
_cCO-MdFUSB
_dCO-MdFUSBC
_erda
041 _aeng
082 0 4 _a33
_2G 303.69
_bL473
100 _aLederach, Jhon Paul,
_eautor
245 1 0 _aPreparing for peace :
_bconflict transformation across cultures
_c/ John Paul Lederach
264 1 _aSyracuse, New York :
_bSyracuse University Press,
_c[1995]
300 _a133 páginas
_c; 22 cm
336 _atexto
_btxt
_2rdacontent
337 _2rdamedia
_asin mediación
_bn
338 _2rdacarrier
_avolumen
_bnc
490 _aSyracuse studies on peace and conflict resolution.
505 0 _aConstruyendo la paz. -- Modelos para resolver conflictos. -- Instrucción en modelos para resolver conflictos.
563 _aRústico
650 0 _9147
_aReconciliación
_bAspectos políticos
650 0 _92052
_aPaz
650 0 _9977
_aRelaciones internacionales
942 _cBK
945 _aJTF-925